Loading...
| Literature - World Literature | 0 | 12 | 0 | 0 | 120 | 96 | 121.67 | 0 | 0 |
| Literature - American Literature | 0 | 10 | 2 | 1 | 90 | 85 | 121.70 | 0 | 0 |
| Literature - British Literature | 0 | 9 | 2 | 0 | 80 | 111 | 132.67 | 0 | 0 |
| Science - Other Science | 0 | 7 | 1 | 1 | 65 | 68 | 94.86 | 0 | 0 |
| Literature - European Literature | 0 | 7 | 2 | 0 | 60 | 73 | 118.86 | 0 | 2 |
| Science - Physics | 0 | 3 | 1 | 0 | 25 | 95 | 110.00 | 0 | 0 |
| Fine Arts - Other Fine Arts | 0 | 3 | 1 | 1 | 25 | 94 | 120.33 | 0 | 0 |
| Current Events | 0 | 2 | 0 | 0 | 20 | 90 | 112.50 | 0 | 0 |
| History - American History | 0 | 2 | 0 | 0 | 20 | 127 | 131.50 | 0 | 0 |
| History - European History | 0 | 2 | 0 | 0 | 20 | 92 | 108.50 | 0 | 0 |
| Other Academic | 0 | 2 | 0 | 2 | 20 | 138 | 142.50 | 0 | 0 |
| Painting & Sculpture | 0 | 2 | 0 | 0 | 20 | 128 | 130.00 | 0 | 0 |
| Religion | 0 | 1 | 0 | 1 | 10 | 138 | 138.00 | 0 | 0 |
| Science - Biology | 0 | 1 | 0 | 0 | 10 | 128 | 128.00 | 0 | 0 |
| History - World History | 0 | 1 | 0 | 1 | 10 | 141 | 141.00 | 0 | 0 |
| Fine Arts - Classical Music | 0 | 1 | 2 | 0 | 0 | 143 | 143.00 | 0 | 0 |
| Social Science | 0 | 1 | 3 | 0 | -5 | 125 | 125.00 | 0 | 0 |